Т. 2 : Реле защиты; Реле управления и защиты

Λεπτομέρειες βιβλιογραφικής εγγραφής
Parent link:Реле управления и защиты: справочник/ под ред. Е. Г. Акимова. Т. 2 : Реле защиты.— , 2004
Περίληψη:Реле управления и защиты относятся к классу слаботочных коммутационных аппаратов и используются в электротехнических устройствах в качестве элемента управления и защиты. Реле управления и защиты являются одними из самых распространенных электротехнических изделий, которые широко используются в качестве комплектующих в низковольтных комплектных устройствах (ящиках, шкафах, панелях и т.п.) и в качестве отдельных элементов управления. В справочнике описываются наиболее распространенные реле управления и защиты российских и зарубежных производителей. Справочник предназначен для специалистов, занимающихся проектированием и эксплуатацией электротехнических устройств и оборудования, для служб отдела маркетинга и снабжения, для учебных заведений электротехнического профиля.
Γλώσσα:Ρωσικά
Έκδοση: 2004
Θέματα:
Μορφή: Βιβλίο
KOHA link:https://koha.lib.tpu.ru/cgi-bin/koha/opac-detail.pl?biblionumber=99431

MARC

LEADER 00000nam2a2200000 4500
001 99431
005 20231031111718.0
010 |a 5902360137 
035 |a (RuTPU)RU\TPU\book\106685 
090 |a 99431 
100 |a 20060704d2004 km y0rusy50 ca 
101 0 |a rus 
102 |a RU 
105 |a a g 001zy 
200 0 |a Т. 2 : Реле защиты 
210 |d 2004 
215 |a 304 с.  |c ил.  |e CD-ROM 
320 |a Предметный указатель: с. 301-302. 
330 |a Реле управления и защиты относятся к классу слаботочных коммутационных аппаратов и используются в электротехнических устройствах в качестве элемента управления и защиты. Реле управления и защиты являются одними из самых распространенных электротехнических изделий, которые широко используются в качестве комплектующих в низковольтных комплектных устройствах (ящиках, шкафах, панелях и т.п.) и в качестве отдельных элементов управления. В справочнике описываются наиболее распространенные реле управления и защиты российских и зарубежных производителей. Справочник предназначен для специалистов, занимающихся проектированием и эксплуатацией электротехнических устройств и оборудования, для служб отдела маркетинга и снабжения, для учебных заведений электротехнического профиля. 
461 1 |0 (RuTPU)RU\TPU\book\123833  |t Реле управления и защиты  |o справочник  |f под ред. Е. Г. Акимова  |v Т. 2 : Реле защиты  |d 2004 
610 1 |a реле управления 
610 1 |a реле защиты 
610 1 |a напряжение 
610 1 |a реле контроля 
610 1 |a реле тока 
610 1 |a температурные реле 
610 1 |a реле сопротивления 
610 1 |a специальные реле 
610 1 |a технические характеристики 
610 1 |a описания 
610 1 |a условные обозначения 
610 1 |a схемы 
610 1 |a производители 
610 1 |a поставщики 
610 1 |a справочники 
610 1 |a каталоги 
610 1 |a CD-ROM 
675 |a 621.318.5(035)(085)  |v 3 
675 |a 621.316.925.4(035)(085)  |v 3 
801 1 |a RU  |b 63413507  |c 20060704  |g PSBO 
801 2 |a RU  |b 63413507  |c 20150609  |g PSBO 
900 |a Основы теории электрических аппаратов 
942 |c BK 
959 |a 59/20060626  |d 1  |e 1200,00  |f ЧЗТЛ:1